[Event "World Youth & Cadets Rapid Championships"]
[Site "Rhodes, Greece"]
[Date "2022.05.01"]
[Round "4.12"]
[White "Toktomushev, Teimur"]
[Black "Pal, Rohan"]
[Result "1-0"]
[TimeControl "10'/game & 5\"/move"]
[WhiteElo "1935"]
[BlackElo "1645"]

1. d4 {[%clk 00:10:08]} {[%emt 00:00:01]} d5 {[%clk 00:10:09]} {[%emt
00:00:01]} 2. c4 {[%clk 00:10:12]} e6 {[%clk 00:10:14]} 3. Nc3 {[%clk
00:10:15]} {[%emt 00:00:02]} Nf6 {[%clk 00:10:18]} {[%emt 00:00:01]} 4. cxd5
{[%clk 00:09:48]} {[%emt 00:00:32]} exd5 {[%clk 00:10:21]} {[%emt 00:00:02]} 5.
Bg5 {[%clk 00:09:51]} c6 {[%clk 00:10:24]} {[%emt 00:00:02]} 6. e3 {[%clk
00:09:52]} {[%emt 00:00:04]} Bd6 {[%clk 00:10:20]} {[%emt 00:00:09]} 7. Bd3
{[%clk 00:09:39]} {[%emt 00:00:18]} O-O {[%clk 00:10:22]} {[%emt 00:00:03]} 8.
Nf3 {[%clk 00:08:45]} {[%emt 00:00:59]} h6 {[%clk 00:09:55]} {[%emt 00:00:32]}
9. Bh4 {[%clk 00:08:47]} {[%emt 00:00:03]} Re8 {[%clk 00:09:38]} {[%emt
00:00:22]} 10. Qc2 {[%clk 00:08:22]} {[%emt 00:00:30]} a5 {[%clk 00:09:34]}
{[%emt 00:00:09]} 11. O-O {[%clk 00:08:07]} {[%emt 00:00:20]} Na6 {[%clk
00:09:35]} {[%emt 00:00:04]} 12. Bh7+ {[%clk 00:07:27]} {[%emt 00:00:45]} Kh8
{[%clk 00:09:38]} {[%emt 00:00:02]} 13. Bf5 {[%clk 00:07:29]} {[%emt 00:00:02]}
Bxf5 {[%clk 00:08:37]} {[%emt 00:01:07]} 14. Qxf5 {[%clk 00:07:32]} {[%emt
00:00:02]} Qd7 {[%clk 00:08:38]} {[%emt 00:00:04]} 15. Qxd7 {[%clk 00:04:52]}
{[%emt 00:02:45]} Nxd7 {[%clk 00:08:40]} {[%emt 00:00:03]} 16. Nd2 {[%clk
00:04:40]} {[%emt 00:00:17]} f5 {[%clk 00:08:14]} {[%emt 00:00:31]} 17. Bg3
{[%clk 00:03:25]} {[%emt 00:01:21]} Bxg3 {[%clk 00:08:07]} {[%emt 00:00:11]} 18.
hxg3 {[%clk 00:03:29]} {[%emt 00:00:01]} Nc7 {[%clk 00:07:51]} {[%emt
00:00:21]} 19. Rae1 {[%clk 00:02:59]} {[%emt 00:00:35]} Ne6 {[%clk 00:07:28]}
{[%emt 00:00:28]} 20. f3 {[%clk 00:02:44]} {[%emt 00:00:21]} Nf6 {[%clk
00:05:48]} {[%emt 00:01:45]} 21. Kf2 {[%clk 00:02:21]} {[%emt 00:00:28]} c5
{[%clk 00:04:31]} {[%emt 00:01:22]} 22. Nb3 {[%clk 00:01:17]} {[%emt 00:01:08]}
c4 {[%clk 00:03:25]} {[%emt 00:01:11]} 23. Nd2 {[%emt 00:01:04]} Nc7 {[%clk
00:02:28]} 24. e4 {[%clk 00:00:31]} {[%emt 00:00:55]} fxe4 {[%clk 00:02:23]}
{[%emt 00:00:10]} 25. fxe4 {[%clk 00:00:35]} {[%emt 00:00:01]} dxe4 {[%emt
00:00:43]} 26. Nxc4 {[%clk 00:00:23]} {[%emt 00:00:16]} Rad8 {[%clk 00:01:31]}
{[%emt 00:00:20]} 27. Rd1 {[%emt 00:01:08]} Ncd5 {[%clk 00:00:46]} 28. Ne5
{[%emt 00:00:19]} Nh5 {[%clk 00:00:24]} {[%emt 00:00:14]} 29. Nf7+ {[%clk
00:00:12]} {[%emt 00:00:02]} Kg8 {[%clk 00:00:28]} 30. Nxd8 {[%clk 00:00:16]}
e3+ {[%clk 00:00:30]} {[%emt 00:00:02]} 31. Ke1 {[%clk 00:00:10]} {[%emt
00:00:10]} Nxc3 {[%clk 00:00:28]} {[%emt 00:00:08]} 32. bxc3 {[%clk 00:00:14]}
{[%emt 00:00:02]} e2 {[%clk 00:00:27]} {[%emt 00:00:05]} 33. Nxb7 {[%clk
00:00:11]} {[%emt 00:00:08]} exf1=Q+ {[%clk 00:00:25]} {[%emt 00:00:07]} 34.
Kxf1 {[%clk 00:00:15]} {[%emt 00:00:01]} Nxg3+ {[%clk 00:00:26]} {[%emt
00:00:05]} 35. Kf2 {[%clk 00:00:10]} {[%emt 00:00:08]} Ne4+ {[%clk 00:00:29]}
{[%emt 00:00:03]} 36. Kf3 {[%clk 00:00:14]} Nxc3 {[%clk 00:00:29]} {[%emt
00:00:06]} 37. Rd3 {[%clk 00:00:11]} {[%emt 00:00:07]} Nxa2 {[%clk 00:00:22]}
{[%emt 00:00:12]} 38. Nxa5 {[%clk 00:00:10]} {[%emt 00:00:06]} Nb4 {[%clk
00:00:26]} {[%emt 00:00:01]} 39. Rd2 {[%clk 00:00:10]} {[%emt 00:00:02]} Nd5
{[%clk 00:00:29]} {[%emt 00:00:05]} 40. Nc4 {[%clk 00:00:12]} {[%emt 00:00:02]}
Rc8 {[%clk 00:00:17]} {[%emt 00:00:18]} 41. Ne5 {[%clk 00:00:10]} {[%emt
00:00:07]} Rc3+ {[%clk 00:00:21]} 42. Ke4 {[%clk 00:00:11]} {[%emt 00:00:04]}
Nf6+ {[%clk 00:00:24]} {[%emt 00:00:03]} 43. Kf5 {[%clk 00:00:14]} Nd5 {[%clk
00:00:22]} {[%emt 00:00:08]} 44. Ke6 {[%clk 00:00:12]} {[%emt 00:00:06]} Nc7+
{[%clk 00:00:26]} {[%emt 00:00:02]} 45. Kd7 {[%clk 00:00:12]} {[%emt 00:00:05]}
Nd5 {[%clk 00:00:16]} {[%emt 00:00:16]} 46. Kd6 {[%clk 00:00:14]} {[%emt
00:00:01]} Nf6 {[%clk 00:00:13]} {[%emt 00:00:09]} 47. Ke6 {[%clk 00:00:18]}
Rg3 {[%clk 00:00:08]} {[%emt 00:00:09]} 48. d5 {[%clk 00:00:13]} {[%emt
00:00:11]} Nxd5 {[%clk 00:00:08]} {[%emt 00:00:06]} 49. Kxd5 {[%clk 00:00:16]}
{[%emt 00:00:01]} g5 {[%clk 00:00:09]} {[%emt 00:00:04]} 50. Ke6 {[%clk
00:00:13]} {[%emt 00:00:08]} Kg7 {[%clk 00:00:08]} {[%emt 00:00:06]} 51. Rd7+
{[%clk 00:00:13]} {[%emt 00:00:06]} Kf8 {[%clk 00:00:06]} {[%emt 00:00:06]} 52.
Kf6 {[%clk 00:00:08]} {[%emt 00:00:11]} Ke8 {[%clk 00:00:07]} {[%emt 00:00:04]}
53. Ra7 {[%clk 00:00:07]} {[%emt 00:00:05]} Kd8 {[%clk 00:00:08]} {[%emt
00:00:04]} 54. Ra2 {[%clk 00:00:07]} {[%emt 00:00:05]} Kc7 {[%clk 00:00:09]}
{[%emt 00:00:04]} 55. Kg6 {[%clk 00:00:08]} {[%emt 00:00:03]} Kd6 {[%clk
00:00:10]} {[%emt 00:00:05]} 56. Nf3 {[%clk 00:00:10]} {[%emt 00:00:03]} g4
{[%clk 00:00:07]} {[%emt 00:00:08]} 57. Nh4 {[%clk 00:00:12]} {[%emt 00:00:02]}
Ke5 {[%clk 00:00:09]} {[%emt 00:00:04]} 58. Kxh6 {[%clk 00:00:11]} {[%emt
00:00:06]} Kf4 {[%clk 00:00:11]} {[%emt 00:00:03]} 59. Ra4+ {[%clk 00:00:08]}
{[%emt 00:00:08]} Ke3 {[%clk 00:00:14]} {[%emt 00:00:02]} 60. Kg5 {[%clk
00:00:11]} {[%emt 00:00:01]} Kf2 {[%clk 00:00:08]} {[%emt 00:00:13]} 61. Rxg4
{[%clk 00:00:12]} {[%emt 00:00:04]} Ra3 {[%clk 00:00:09]} {[%emt 00:00:04]} 62.
Rf4+ {[%clk 00:00:11]} {[%emt 00:00:03]} Kg3 {[%clk 00:00:12]} {[%emt
00:00:04]} 63. Rf3+ {[%clk 00:00:13]} {[%emt 00:00:03]} 1-0

[Event "World Youth & Cadets Rapid Championships"]
[Site "Rhodes, Greece"]
[Date "2022.05.01"]
[Round "4.13"]
[White "Kuru, Atilla"]
[Black "Mamedov, Edgar"]
[Result "1-0"]
[TimeControl "10'/game & 5\"/move"]
[WhiteElo "2023"]
[BlackElo "1854"]

1. e4 {[%clk 00:10:08]} {[%emt 00:00:02]} c5 {[%clk 00:10:09]} {[%emt
00:00:02]} 2. Nf3 {[%clk 00:10:10]} {[%emt 00:00:02]} d6 {[%clk 00:10:12]}
{[%emt 00:00:03]} 3. d4 {[%clk 00:10:13]} {[%emt 00:00:02]} cxd4 {[%clk
00:10:12]} {[%emt 00:00:06]} 4. Nxd4 {[%clk 00:10:15]} {[%emt 00:00:02]} Nf6
{[%clk 00:10:13]} {[%emt 00:00:04]} 5. Nc3 {[%clk 00:10:18]} {[%emt 00:00:02]}
a6 {[%clk 00:10:16]} {[%emt 00:00:02]} 6. f3 {[%clk 00:10:20]} {[%emt
00:00:02]} e5 {[%clk 00:10:09]} {[%emt 00:00:13]} 7. Nb3 {[%clk 00:10:20]}
{[%emt 00:00:04]} Be6 {[%clk 00:10:09]} {[%emt 00:00:06]} 8. Be3 {[%clk
00:10:21]} {[%emt 00:00:03]} Nbd7 {[%clk 00:09:55]} {[%emt 00:00:20]} 9. Qd2
{[%clk 00:10:23]} {[%emt 00:00:02]} h5 {[%clk 00:09:46]} {[%emt 00:00:15]} 10.
O-O-O {[%clk 00:10:16]} {[%emt 00:00:12]} Be7 {[%clk 00:09:49]} {[%emt
00:00:01]} 11. h3 {[%clk 00:10:06]} {[%emt 00:00:15]} h4 {[%clk 00:09:31]}
{[%emt 00:00:25]} 12. Rg1 {[%clk 00:10:01]} {[%emt 00:00:09]} g6 {[%clk
00:08:45]} {[%emt 00:00:51]} 13. Be2 {[%clk 00:09:11]} {[%emt 00:00:55]} Qc7
{[%clk 00:08:08]} {[%emt 00:00:42]} 14. Kb1 {[%clk 00:09:03]} {[%emt 00:00:12]}
Nb6 {[%clk 00:07:03]} {[%emt 00:01:11]} 15. f4 {[%clk 00:08:42]} {[%emt
00:00:25]} Nc4 {[%clk 00:06:46]} {[%emt 00:00:23]} 16. Bxc4 {[%clk 00:08:45]}
{[%emt 00:00:02]} Qxc4 {[%clk 00:06:45]} {[%emt 00:00:06]} 17. Rge1 {[%clk
00:08:33]} {[%emt 00:00:17]} Kf8 {[%clk 00:05:34]} {[%emt 00:01:16]} 18. Bb6
{[%clk 00:08:08]} {[%emt 00:00:29]} Qc6 {[%clk 00:04:57]} {[%emt 00:00:43]} 19.
Qf2 {[%clk 00:07:44]} {[%emt 00:00:28]} Kg7 {[%clk 00:04:00]} {[%emt 00:01:03]}
20. Na5 {[%clk 00:07:42]} {[%emt 00:00:07]} Qc8 {[%clk 00:03:46]} {[%emt
00:00:18]} 21. Nd5 {[%clk 00:06:32]} {[%emt 00:01:14]} Bxd5 {[%clk 00:03:24]}
{[%emt 00:00:29]} 22. exd5 {[%clk 00:06:35]} {[%emt 00:00:02]} Rh5 {[%clk
00:02:20]} {[%emt 00:01:08]} 23. fxe5 {[%clk 00:06:30]} {[%emt 00:00:11]} Rxe5
{[%clk 00:02:23]} {[%emt 00:00:02]} 24. Rxe5 {[%clk 00:05:58]} {[%emt
00:00:36]} dxe5 {[%clk 00:02:28]} {[%emt 00:00:01]} 25. d6 {[%clk 00:05:58]}
{[%emt 00:00:03]} Qd7 {[%clk 00:02:13]} {[%emt 00:00:21]} 26. Nc4 {[%clk
00:05:32]} {[%emt 00:00:31]} Bd8 {[%clk 00:01:35]} {[%emt 00:00:44]} 27. Nxe5
{[%clk 00:05:24]} {[%emt 00:00:13]} Qe6 {[%clk 00:01:19]} {[%emt 00:00:21]} 28.
Bd4 {[%clk 00:05:05]} {[%emt 00:00:24]} Kg8 {[%clk 00:00:58]} {[%emt 00:00:26]}
29. Re1 {[%clk 00:04:12]} {[%emt 00:00:57]} Qxd6 {[%clk 00:00:16]} {[%emt
00:00:47]} 30. Ng4 {[%clk 00:04:16]} {[%emt 00:00:01]} Nd7 {[%clk 00:00:10]}
{[%emt 00:00:12]} 31. Re8+ {[%clk 00:04:15]} {[%emt 00:00:06]} Nf8 {[%clk
00:00:14]} 32. Nh6+ {[%clk 00:04:18]} {[%emt 00:00:01]} Kh7 {[%clk 00:00:18]}
{[%emt 00:00:02]} 33. Qxf7+ {[%clk 00:03:36]} {[%emt 00:00:47]} Kxh6 {[%clk
00:00:22]} {[%emt 00:00:01]} 34. Bg7+ {[%clk 00:03:28]} {[%emt 00:00:13]} Kh5
{[%clk 00:00:14]} {[%emt 00:00:14]} 35. Re5+ {[%clk 00:03:30]} {[%emt
00:00:02]} Qxe5 {[%clk 00:00:17]} {[%emt 00:00:02]} 36. Bxe5 {[%clk 00:03:33]}
{[%emt 00:00:02]} Bg5 {[%clk 00:00:20]} {[%emt 00:00:02]} 37. Bg7 {[%clk
00:03:29]} {[%emt 00:00:09]} Bd2 {[%clk 00:00:15]} {[%emt 00:00:11]} 38. Qf3+
{[%clk 00:03:28]} {[%emt 00:00:05]} Kg5 {[%clk 00:00:19]} 39. Qg4# {[%clk
00:03:33]} {[%emt 00:00:01]} 1-0

[Event "World Youth & Cadets Rapid Championships"]
[Site "Rhodes, Greece"]
[Date "2022.05.01"]
[Round "4.14"]
[White "Erdogmus, Yagiz Kaan"]
[Black "Begmuratov, Khumoyun"]
[Result "1-0"]
[TimeControl "10'/game & 5\"/move"]
[WhiteElo "1442"]
[BlackElo "1977"]

1. e4 {[%clk 00:10:08]} {[%emt 00:00:01]} e5 {[%clk 00:10:08]} {[%emt
00:00:03]} 2. Nf3 {[%clk 00:10:09]} {[%emt 00:00:04]} Nc6 {[%clk 00:10:12]} 3.
Bb5 {[%clk 00:10:07]} {[%emt 00:00:07]} a6 {[%clk 00:10:16]} 4. Ba4 {[%clk
00:10:07]} Nf6 {[%clk 00:10:16]} 5. O-O {[%clk 00:10:07]} Nxe4 {[%clk
00:10:16]} 6. d4 {[%clk 00:10:16]} {[%emt 00:00:15]} b5 {[%clk 00:10:23]} 7.
Bb3 {[%clk 00:10:20]} {[%emt 00:00:02]} d5 {[%clk 00:10:27]} 8. dxe5 {[%clk
00:10:24]} {[%emt 00:00:02]} Be6 {[%clk 00:10:31]} 9. c3 {[%clk 00:10:06]}
{[%emt 00:00:23]} Bc5 {[%clk 00:10:27]} 10. Nbd2 {[%clk 00:09:13]} {[%emt
00:01:08]} O-O {[%clk 00:10:29]} 11. Qe2 {[%clk 00:07:14]} {[%emt 00:02:07]}
Bf5 {[%clk 00:09:02]} 12. Nxe4 {[%clk 00:06:32]} {[%emt 00:02:19]} dxe4 {[%clk
00:08:29]} 13. Ng5 {[%clk 00:06:28]} {[%emt 00:00:47]} Qd3 {[%clk 00:06:01]} 14.
Qxd3 {[%clk 00:06:14]} {[%emt 00:02:52]} exd3 {[%clk 00:06:05]} 15. Bd5 {[%clk
00:06:18]} {[%emt 00:00:02]} Rad8 16. Bxc6 {[%clk 00:06:18]} d2 {[%clk
00:03:53]} 17. Rd1 {[%clk 00:06:00]} {[%emt 00:00:23]} dxc1=Q {[%clk 00:03:51]}
{[%emt 00:00:06]} 18. Raxc1 {[%clk 00:06:03]} {[%emt 00:00:02]} h6 {[%emt
00:00:38]} 19. Nf3 {[%clk 00:05:54]} Bg4 {[%clk 00:03:27]} {[%emt 00:00:11]} 20.
h3 {[%clk 00:04:22]} {[%emt 00:01:36]} Bxf3 {[%clk 00:03:30]} {[%emt 00:00:02]}
21. Bxf3 {[%clk 00:04:26]} {[%emt 00:00:01]} Rfe8 {[%clk 00:03:15]} {[%emt
00:00:20]} 22. Rxd8 {[%clk 00:03:15]} {[%emt 00:01:16]} Rxd8 {[%clk 00:03:20]}
{[%emt 00:00:01]} 23. Rc2 {[%clk 00:02:37]} {[%emt 00:00:43]} Kf8 {[%clk
00:02:49]} {[%emt 00:00:36]} 24. g3 {[%clk 00:02:14]} {[%emt 00:00:26]} Ke7
{[%clk 00:02:37]} {[%emt 00:00:18]} 25. Kg2 {[%clk 00:02:15]} {[%emt 00:00:05]}
g6 {[%emt 00:01:14]} 26. b4 {[%clk 00:01:54]} Bb6 {[%clk 00:01:48]} {[%emt
00:00:10]} 27. Bb7 {[%clk 00:01:36]} {[%emt 00:00:22]} a5 {[%clk 00:01:14]}
{[%emt 00:00:39]} 28. Bc6 {[%clk 00:01:29]} {[%emt 00:00:12]} Rd3 {[%clk
00:00:17]} {[%emt 00:01:02]} 29. f4 {[%clk 00:00:55]} {[%emt 00:00:39]} axb4
{[%clk 00:00:09]} {[%emt 00:00:14]} 30. cxb4 {[%clk 00:00:59]} {[%emt
00:00:01]} Rd4 {[%clk 00:00:10]} {[%emt 00:00:04]} 31. Rb2 {[%clk 00:01:02]}
{[%emt 00:00:01]} h5 {[%clk 00:00:09]} {[%emt 00:00:07]} 32. h4 {[%clk
00:00:59]} {[%emt 00:00:08]} Rd1 {[%clk 00:00:10]} {[%emt 00:00:04]} 33. Bxb5
{[%clk 00:01:02]} {[%emt 00:00:02]} Rg1+ {[%clk 00:00:10]} {[%emt 00:00:05]} 34.
Kh2 {[%clk 00:01:06]} {[%emt 00:00:01]} Rd1 {[%clk 00:00:06]} {[%emt 00:00:07]}
35. a4 {[%clk 00:01:07]} {[%emt 00:00:06]} Bd4 {[%clk 00:00:08]} {[%emt
00:00:03]} 36. Rc2 {[%clk 00:01:10]} {[%emt 00:00:02]} Kd8 {[%clk 00:00:07]}
{[%emt 00:00:04]} 37. a5 {[%clk 00:00:52]} {[%emt 00:00:24]} Rb1 {[%clk
00:00:09]} {[%emt 00:00:04]} 38. Bc4 {[%clk 00:00:35]} {[%emt 00:00:22]} Ke7
{[%clk 00:00:07]} {[%emt 00:00:07]} 39. b5 {[%clk 00:00:30]} {[%emt 00:00:10]}
Rb2 {[%clk 00:00:08]} {[%emt 00:00:04]} 40. Rxb2 {[%clk 00:00:29]} {[%emt
00:00:06]} Bxb2 {[%clk 00:00:13]} 41. b6 {[%emt 00:00:06]} Bd4 {[%clk
00:00:07]} {[%emt 00:00:10]} 42. bxc7 {[%clk 00:00:32]} {[%emt 00:00:02]} Kd7
{[%clk 00:00:11]} {[%emt 00:00:01]} 43. Bxf7 {[%clk 00:00:35]} {[%emt
00:00:01]} Kxc7 {[%clk 00:00:15]} 44. Bxg6 {[%clk 00:00:39]} {[%emt 00:00:03]}
Bc3 {[%clk 00:00:19]} 45. a6 {[%clk 00:00:42]} {[%emt 00:00:02]} Kb6 {[%emt
00:00:06]} 46. Bxh5 {[%clk 00:00:36]} {[%emt 00:00:09]} Kxa6 {[%clk 00:00:25]}
47. Be2+ {[%clk 00:00:40]} {[%emt 00:00:02]} Kb6 {[%clk 00:00:30]} 48. h5
{[%clk 00:00:44]} Bb4 {[%clk 00:00:33]} {[%emt 00:00:01]} 49. Kh3 {[%clk
00:00:43]} {[%emt 00:00:06]} 1-0

[Event "World Youth & Cadets Rapid Championships"]
[Site "Rhodes, Greece"]
[Date "2022.05.01"]
[Round "4.15"]
[White "Balint, Peter"]
[Black "Karvatskyi, Oleksii"]
[Result "0-1"]
[TimeControl "10'/game & 5\"/move"]
[WhiteElo "1721"]
[BlackElo "1919"]

1. e4 {[%clk 00:10:09]} c5 {[%clk 00:10:10]} {[%emt 00:00:01]} 2. Nf3 {[%clk
00:10:13]} {[%emt 00:00:02]} Nc6 {[%clk 00:10:14]} 3. d4 {[%clk 00:10:17]}
{[%emt 00:00:02]} cxd4 {[%clk 00:10:17]} {[%emt 00:00:01]} 4. Nxd4 {[%clk
00:10:21]} {[%emt 00:00:01]} e5 {[%clk 00:10:21]} {[%emt 00:00:01]} 5. Nb5
{[%clk 00:10:23]} {[%emt 00:00:02]} d6 {[%clk 00:10:25]} 6. c4 {[%clk
00:10:25]} {[%emt 00:00:03]} Be7 {[%clk 00:10:26]} {[%emt 00:00:04]} 7. g3
{[%clk 00:10:24]} {[%emt 00:00:06]} f5 {[%clk 00:10:23]} {[%emt 00:00:07]} 8.
Bg2 {[%clk 00:10:20]} {[%emt 00:00:10]} Nf6 {[%clk 00:10:21]} {[%emt 00:00:06]}
9. exf5 {[%clk 00:09:47]} {[%emt 00:00:39]} Bxf5 {[%clk 00:10:21]} {[%emt
00:00:05]} 10. O-O {[%clk 00:09:48]} {[%emt 00:00:04]} O-O {[%clk 00:10:20]}
{[%emt 00:00:06]} 11. Be3 {[%clk 00:09:47]} {[%emt 00:00:07]} Be6 {[%clk
00:10:17]} {[%emt 00:00:07]} 12. b3 {[%clk 00:09:46]} {[%emt 00:00:06]} d5
{[%clk 00:10:15]} {[%emt 00:00:08]} 13. cxd5 {[%clk 00:09:11]} {[%emt
00:00:39]} Bxd5 {[%clk 00:10:17]} {[%emt 00:00:03]} 14. f3 {[%clk 00:08:56]}
{[%emt 00:00:20]} Rc8 {[%clk 00:09:56]} {[%emt 00:00:26]} 15. Re1 {[%clk
00:08:06]} {[%emt 00:00:55]} Qa5 {[%clk 00:09:48]} {[%emt 00:00:13]} 16. N5c3
{[%clk 00:07:42]} {[%emt 00:00:29]} Be6 {[%clk 00:09:17]} {[%emt 00:00:36]} 17.
Qe2 {[%clk 00:05:44]} {[%emt 00:02:03]} Bb4 {[%clk 00:08:35]} {[%emt 00:00:46]}
18. Rc1 {[%clk 00:05:48]} {[%emt 00:00:02]} Rfe8 {[%clk 00:08:18]} {[%emt
00:00:22]} 19. a3 {[%clk 00:05:13]} {[%emt 00:00:41]} Bf8 {[%clk 00:08:11]}
{[%emt 00:00:10]} 20. b4 {[%clk 00:05:15]} {[%emt 00:00:05]} Nxb4 {[%clk
00:07:32]} {[%emt 00:00:43]} 21. axb4 {[%clk 00:05:00]} {[%emt 00:00:20]} Qxa1
{[%clk 00:07:33]} {[%emt 00:00:04]} 22. Qb5 {[%clk 00:04:01]} {[%emt 00:01:04]}
Bf5 {[%clk 00:06:55]} {[%emt 00:00:41]} 23. Bd2 {[%clk 00:03:33]} {[%emt
00:00:34]} Qb2 {[%clk 00:05:48]} {[%emt 00:01:13]} 24. Re1 {[%clk 00:03:25]}
{[%emt 00:00:13]} Qxb4 {[%clk 00:04:42]} {[%emt 00:01:11]} 25. Qe2 {[%clk
00:03:15]} {[%emt 00:00:15]} Qb6+ {[%clk 00:04:37]} {[%emt 00:00:10]} 26. Kh1
{[%clk 00:03:12]} {[%emt 00:00:08]} Qe6 {[%clk 00:03:10]} {[%emt 00:01:32]} 27.
g4 {[%clk 00:03:09]} {[%emt 00:00:09]} Bg6 {[%clk 00:03:10]} {[%emt 00:00:04]}
28. f4 {[%clk 00:02:58]} {[%emt 00:00:16]} Qxg4 {[%clk 00:02:54]} {[%emt
00:00:20]} 29. fxe5 {[%clk 00:03:02]} {[%emt 00:00:02]} Qxe2 {[%clk 00:02:55]}
{[%emt 00:00:04]} 30. Rxe2 {[%clk 00:03:06]} {[%emt 00:00:01]} Ng4 {[%clk
00:02:45]} {[%emt 00:00:15]} 31. Bd5+ {[%clk 00:03:01]} {[%emt 00:00:09]} Kh8
{[%clk 00:02:46]} {[%emt 00:00:04]} 32. e6 {[%clk 00:02:54]} {[%emt 00:00:13]}
Bb4 {[%clk 00:02:26]} {[%emt 00:00:25]} 33. Bxb7 {[%clk 00:02:44]} {[%emt
00:00:15]} Rc7 {[%clk 00:02:10]} {[%emt 00:00:20]} 34. Bf3 {[%clk 00:02:43]}
{[%emt 00:00:06]} Bxb1 {[%clk 00:01:36]} {[%emt 00:00:40]} 35. Nd5 {[%clk
00:02:29]} {[%emt 00:00:20]} Rc6 {[%clk 00:01:03]} {[%emt 00:00:37]} 36. Nxb4
{[%clk 00:02:16]} {[%emt 00:00:17]} Rcxe6 {[%clk 00:01:07]} 37. Rxe6 {[%clk
00:02:16]} {[%emt 00:00:06]} Rxe6 {[%clk 00:01:11]} {[%emt 00:00:01]} 38. Bxg4
{[%clk 00:02:18]} {[%emt 00:00:03]} Be4+ {[%clk 00:01:15]} 39. Kg1 {[%clk
00:02:20]} {[%emt 00:00:03]} Rg6 {[%clk 00:01:20]} 40. h3 {[%clk 00:01:54]}
{[%emt 00:00:32]} h5 {[%clk 00:01:24]} 41. Be3 {[%clk 00:01:28]} {[%emt
00:00:30]} hxg4 {[%clk 00:01:20]} {[%emt 00:00:08]} 42. Bxa7 {[%clk 00:01:23]}
{[%emt 00:00:11]} gxh3+ {[%clk 00:01:01]} {[%emt 00:00:23]} 43. Kh2 {[%clk
00:01:27]} {[%emt 00:00:02]} Bf5 {[%clk 00:00:49]} {[%emt 00:00:15]} 44. Nd5
{[%clk 00:01:04]} {[%emt 00:00:31]} Rg2+ {[%clk 00:00:44]} {[%emt 00:00:09]} 45.
Kh1 {[%clk 00:01:08]} Be4 {[%clk 00:00:45]} {[%emt 00:00:04]} 46. Nc3 {[%clk
00:01:13]} {[%emt 00:00:01]} Bb7 {[%emt 00:00:38]} 0-1